Statistics for Premier League Players By Letter - D

Click here to take the quiz!

General Stats

  • This quiz has been taken 247 times
  • The average score is 14 of 24

Answer Stats

First NameSurnameClub% Correct
MemphisDepayManchester United
87%
BenDaviesTottenham Hotspur
85%
KévinDe BruyneManchester City
84%
JermainDefoeSunderland
83%
EricDierTottenham Hotspur
82%
MoussaDembéléTottenham Hotspur
81%
DavidDe GeaManchester United
76%
MatteoDarmianManchester United
70%
FabianDelphManchester City
67%
MathieuDebuchyArsenal
57%
DannyDrinkwaterLeicester City
57%
ScottDannCrystal Palace
56%
CraigDawsonWest Bromwich
55%
StevenDavisSouthampton
54%
SylvainDistinBournemouth
54%
MartinDemichelisManchester City
51%
NathanDyerLeicester City
51%
Mame BiramDioufStoke City
47%
GerardDeulofeuEverton
43%
RitchieDe LaetLeicester City
39%
SiemDe JongNewcastle United
38%
GrahamDorransNorwich City
23%
AlessandroDiamantiWatford
14%
LloydDoyleyWatford
11%

Score Distribution

Percentile by Number Answered

Percent of People with Each Score

Your Score History

You have not taken this quiz